Statistics for MLB's All Time #1 Prospects

Click here to take the quiz!

General Stats

  • This quiz has been taken 31 times
    (22 since last reset)
  • The average score is 5 of 31

Answer Stats

YearPlayer% Correct
2012Bryce Harper
70%
2011Bryce Harper
70%
2019Vladimir Guerrero Jr.
50%
1995Alex Rodriguez
45%
2018Ronald Acuna
30%
2020Wander Franco
30%
1996Andruw Jones
25%
1997Andruw Jones
25%
1993Chipper Jones
25%
2015Kris Bryant
20%
2014Byron Buxton
15%
2004Joe Mauer
15%
2005Joe Mauer
15%
2013Jurickson Profar
15%
2016Corey Seager
10%
2010Jason Heyward
10%
2008Jay Bruce
10%
1999J>D> Drew
10%
1990Steve Avery
10%
1991Todd Van Poppel
10%
1992Brien Taylor
5%
2006Delmon Young
5%
2001Josh Hamilton
5%
2009Matt Wieters
5%
2017Andrew Benintendi
0%
1998Ben Grieve
0%
1994Cliff Floyd
0%
2007Daisuke Matsuzaka
0%
2002Josh Beckett
0%
2003Mark Teixeira
0%
2000Rick Ankeil
0%

Score Distribution

Percentile by Number Answered

Percent of People with Each Score

Your Score History

You have not taken this quiz since the last reset